[Event "Yerevan"]
[Site "Yerevan"]
[Date "1996.??.??"]
[Round "2"]
[White "Vaganian, Rafael A"]
[Black "Svidler, Peter"]
[Result "1/2-1/2"]
[WhiteElo "2615"]
[BlackElo "2630"]
[Annotator "Hazai,L"]
[PlyCount "70"]
[EventDate "1996.04.??"]
[EventType "tourn"]
[EventRounds "11"]
[EventCountry "ARM"]
[EventCategory "15"]
[SourceTitle "CBM 053"]
[Source "ChessBase"]
[SourceDate "1996.08.01"]
[SourceVersion "1"]
[SourceVersionDate "1996.08.01"]
[SourceQuality "1"]

1. Nf3 {Dolmatov} Nf6 2. c4 g6 3. Nc3 Bg7 4. e4 d6 5. d4 O-O 6. Be2 e5 7. O-O
exd4 8. Nxd4 Re8 9. f3 Nc6 10. Be3 Nh5 11. f4 Nf6 12. Bf3 Bg4 13. Nxc6 Bxf3 14.
Qxf3 bxc6 15. Rae1 (15. Bf2 Qc8 $1 (15... Qb8 16. b3 Ng4 17. Qxg4 Bxc3 18. Rad1
Qb4 19. Qf3 Bg7 20. Rd3 Qa5 21. a4 $14 {Pelletier-Lyrberg, Bern op 1996}) 16.
Rae1 {-> 15.Rae1 Qc8 16.Bf2}) (15. Bd2 Qb8 16. b3 Qb6+ 17. Kh1 Nxe4 $1 18. Nxe4
Qd4 $1 19. Nxd6 cxd6 20. Rad1 Qe4 {(Van der Sterren-Glek, Germany 1994)} 21.
Bc3 $1 $10) 15... Qc8 {[#] [#]} (15... Nd7 $6 16. Bf2 Qb8 17. b3 Qb4 {(Piket-P.
Shvidler, Groningen 1995)} 18. Re3 $1 Re6 (18... Bd4 19. Rd3 Bxf2+ 20. Rxf2 Nc5
21. Rd1 $16) (18... a5 19. e5 Qb7 20. Rd1 $16) 19. Rd1 $1 $14 {P.Shvidler}) (
15... Qb8 16. e5 dxe5 17. fxe5 Rxe5 18. Bd4 Rxe1 19. Rxe1 Qd8 $10 {
Lukacs-Kjeldsen, Budapest 1995}) 16. e5 (16. Bf2 Qg4 {(Solozhenkin-Glek, Le
Touquet 1994)} 17. Bd4 $10) 16... dxe5 17. fxe5 {N} (17. Qxc6 Ng4 18. Bc5 exf4
19. Nd5 Ne5 20. Nf6+ Bxf6 21. Qxf6 Qf5 $1 22. Qxf5 gxf5 23. Rd1 Nxc4 24. Rxf4
Nd6 $10 {Ftachnik,L-Glek,I/Wijk aan Zee/1995/}) 17... Rxe5 18. Bd4 Rxe1 19.
Rxe1 Qg4 (19... Qd8 $10) 20. Qf2 (20. Qxg4 Nxg4 21. Bxg7 Kxg7 22. Re7 Rc8 23.
Ne4 Kf8 24. Rd7 Ne5 $17) 20... Nh5 21. Bxg7 Kxg7 (21... Nxg7 $2 {Dolmatov} 22.
Ne4) 22. Re4 Qd7 23. Rd4 $44 Qe7 24. Re4 {Now it became clear that White has
got nothing after the opening and he has to play carefully in order to keep
the balance.} Qd6 25. Rd4 Qc5 (25... Qe5 {Dolmatov} 26. Re4 Qg5 $5) 26. g4 (26.
Ne4 {Dolmatov} Qe5 27. Rd7 Qxe4 28. Qxf7+ Kh6 29. Qxh7+ Kg5 $19) 26... Nf6 27.
Ne4 (27. Qxf6+ $2 {Dolmatov} Kxf6 28. Ne4+ Ke5 29. Nxc5 Kxd4 $19) 27... Nxe4
28. Rxe4 Qxf2+ (28... Qd6 {Dolmatov} 29. Qd4+) 29. Kxf2 Rd8 (29... Kf6 {
Dolmatov} 30. Rf4+ Ke6 31. Re4+ (31. g5 $2 f5 32. gxf6 Rf8 $17) 31... Kd6 32.
Rd4+ $10) (29... Kf8 {Dolmatov} 30. Rd4 Re8 31. Rd7 Re7 32. Rd8+) 30. Re7 Rd2+
31. Kg3 Rxb2 32. Rxc7 Rxa2 33. Rxc6 $10 Ra3+ 34. Kg2 Rc3 35. h3 a5 (35... a5 {
Dolmatov} 36. Ra6 Rxc4 37. Rxa5 $10) 1/2-1/2

[Event "Dortmund SuperGM 24th"]
[Site "Dortmund"]
[Date "1996.07.05"]
[Round "1"]
[White "Shirov, Alexei"]
[Black "Topalov, Veselin"]
[Result "1/2-1/2"]
[WhiteElo "2685"]
[BlackElo "2750"]
[Annotator "Hazai,L"]
[PlyCount "59"]
[EventDate "1996.07.05"]
[EventType "tourn"]
[EventRounds "9"]
[EventCountry "GER"]
[EventCategory "18"]
[SourceTitle "CBM 054"]
[Source "ChessBase"]
[SourceDate "1996.10.01"]
[SourceVersion "1"]
[SourceVersionDate "1996.10.01"]
[SourceQuality "1"]

1. d4 Nf6 2. c4 g6 3. Nc3 Bg7 4. e4 d6 5. Be2 O-O 6. Nf3 e5 7. Be3 c6 8. O-O
exd4 9. Nxd4 Re8 10. Qc2 (10. f3 $142) 10... Qe7 11. f3 d5 12. cxd5 cxd5 13.
Bd3 {N} (13. Bb5 Bd7 $1 (13... Nbd7 14. Rfe1 dxe4 15. Bf2 a6 16. Nxe4 Nxe4 17.
Rxe4 $16 {Hulak-Scheeren, Wijk aan Zee 1983})) 13... Na6 $1 (13... dxe4 14.
Nxe4 Nd5 15. Bf2 $14) (13... Nc6 14. Nxc6 bxc6 15. Bf2 $1 $14 (15. Rfe1 Ng4 $1
16. fxg4 d4)) 14. a3 (14. Bxa6 bxa6 $13) 14... Bd7 $10 15. Rfe1 dxe4 16. Nxe4
Nxe4 17. Bxe4 Rac8 18. Qf2 Nc5 $10 19. Bc2 Qf6 20. Rad1 b6 21. Qd2 Ne6 22. Be4
Rcd8 23. Qc1 Ba4 24. b3 Bd7 25. Nc6 Bxc6 26. Qxc6 Nc5 27. Bxc5 Qxc6 28. Bxc6
Rxe1+ 29. Rxe1 bxc5 30. Re8+ 1/2-1/2

[Event "Biel SKA"]
[Site "Biel"]
[Date "1996.08.01"]
[Round "9"]
[White "Karpov, Anatoly"]
[Black "Milov, Vadim"]
[Result "1/2-1/2"]
[WhiteElo "2775"]
[BlackElo "2565"]
[Annotator "Hazai,L"]
[PlyCount "100"]
[EventDate "1996.07.22"]
[EventType "tourn"]
[EventRounds "11"]
[EventCountry "SUI"]
[EventCategory "16"]
[SourceTitle "CBM 055"]
[Source "ChessBase"]
[SourceDate "1996.12.01"]
[SourceVersion "1"]
[SourceVersionDate "1996.12.01"]
[SourceQuality "1"]

1. d4 Nf6 2. c4 g6 3. Nc3 Bg7 4. e4 d6 5. Nf3 O-O 6. Be2 e5 7. O-O Na6 8. Re1
Qe8 9. Bg5 {This move is getting more and more popular nowadays.} Bg4 (9...
exd4 $6 10. Qxd4 $16) (9... h6 $2 10. Bxf6 $1 Bxf6 11. c5 $1 $16) 10. h3 (10.
d5 Nh5 11. Nd2 Bxe2 12. Qxe2 f5 {gives Black counterchances despite of the
exchange of his good B.} (12... h6 $5)) 10... Bxf3 11. Bxf3 exd4 12. Qxd4 Nd7
13. Qd2 Ne5 14. Be2 Nc5 {Black is following his dark square strategy aiming
for Nd4.} 15. Bf1 (15. Rad1 {does not allow Black to invade d4.} Ne6 (15... f5
16. exf5 gxf5 17. Bf1 Qg6 18. Nd5) (15... Nc6 16. Bf1 Ne6 17. Be3 Ncd4 18. Nb5
$1 $16) 16. Be3 c5 17. Nb5 $1) 15... Ne6 16. Be3 c5 17. Rad1 Rd8 18. Nd5 (18.
Nb5 $6 a6 19. Nxd6 Qe7 20. f4 Nd4 21. fxe5 Bxe5) 18... Nc6 19. f4 Ned4 20. Bf2
Qd7 21. Bh4 f6 22. b4 (22. Bd3 Rde8 23. Kh1 {looks more flexible}) 22... b6 23.
b5 Ne7 24. Nxe7+ Qxe7 25. f5 (25. Bd3 Bh6 $1 {threatening g6-g5}) 25... gxf5
26. Bd3 (26. exf5 Qf7 27. Bf2 Nxf5 28. Bd3 Ne7 29. Qe2 Rde8 $44) 26... Qf7 27.
exf5 d5 28. Qc3 Kh8 29. Bf2 dxc4 30. Bxc4 Qd7 31. Bxd4 cxd4 32. Qd3 Bh6 $1 $10
{The endgame is equal due to the opposite coloured bishops.} 33. Kh1 Bf4 34.
Be6 Qg7 35. Re4 Be5 36. Kg1 Rde8 37. Rc1 Re7 38. Rc2 Rd8 39. Kf1 Rc7 40. Rc6
Qh6 41. Ke2 Rg7 42. g4 Qh4 43. Qf3 h5 44. Kd3 hxg4 45. Rxg4 Rxg4 46. hxg4 Kg7
47. Rc1 Qg3 48. Qxg3 Bxg3 49. Rc4 Kh6 50. Ra4 Bb8 1/2-1/2

[Event "Olympiad-32"]
[Site "Yerevan"]
[Date "1996.09.23"]
[Round "7.1"]
[White "Sokolov, Ivan"]
[Black "Ehlvest, Jaan"]
[Result "1/2-1/2"]
[WhiteElo "2670"]
[BlackElo "2660"]
[Annotator "Belov,I"]
[PlyCount "100"]
[EventDate "1996.09.15"]
[EventType "team-swiss"]
[EventRounds "14"]
[EventCountry "ARM"]
[SourceTitle "CBM 055"]
[Source "ChessBase"]
[SourceDate "1996.12.01"]
[SourceVersion "1"]
[SourceVersionDate "1996.12.01"]
[SourceQuality "1"]
[WhiteTeam "Bosnia&Herzegovina"]
[BlackTeam "Estonia"]
[WhiteTeamCountry "BIH"]
[BlackTeamCountry "EST"]

1. d4 g6 2. e4 d6 3. c4 Bg7 4. Nc3 e5 5. Nf3 Nd7 6. Be2 Ngf6 7. O-O O-O 8. Qc2
h6 (8... Nh5 $5 9. Rd1 Nf4 10. Bf1 c5 11. dxe5 dxe5 12. Rb1 (12. Bxf4 exf4 13.
e5 Qe8 14. Nd5 Nxe5 15. Nc7 Bf5 16. Qb3 Nxf3+ 17. gxf3 Qe7 18. Nxa8 Rxa8 $17 {
Meister,P-Knaak,R/GER/1994/0:1/46/}) 12... Ne6 13. b4 g5 14. Be3 Nd4 15. Bxd4
exd4 16. Nd5 g4 17. Ne1 cxb4 18. Rxb4 {Khuzman,A-Sutovskij,E/ISR-ch/1994/0,5/})
9. Rd1 Nh7 (9... Re8 10. dxe5 dxe5 11. c5 Nh7 12. Be3 Nhf8 13. b4 Ne6 14. Rac1
c6 $14 {Halldorsson,G-Kristensen,B/Kopavogur/1994/0:1/40/}) 10. Be3 (10. dxe5
dxe5 11. c5 c6 12. b4 Qe7 13. a4 Re8 14. a5 a6 15. Na4 Nhf8 16. Bc4 $14 {
Lputian,S-Yudasin,L/Podolsk/1990/1:0/34/}) 10... Ng5 11. Nxg5 hxg5 12. dxe5
Nxe5 (12... dxe5 13. c5 c6 14. Rd6 $16) 13. Qd2 g4 14. c5 Be6 15. cxd6 cxd6 16.
Nd5 (16. Qxd6 Qh4 17. Qd2 Rad8 18. Nd5 $14) 16... Qh4 $5 (16... Rc8 17. Bg5 f6
18. Bh6 $16) 17. Bg5 Qh8 $8 (17... Qh5 18. Nf6+ Bxf6 19. Bxf6 $16) 18. Ne7+ Kh7
19. Qxd6 Nc6 $1 (19... Bf6 20. Bxf6 Qxf6 21. Nd5 Qg5 22. Nc7 Rad8 23. Nxe6 $16)
20. Qg3 (20. Nxc6 bxc6 21. Qxc6 Bxb2 22. Rab1 Qe5 23. Be3 Kg7 24. Rd2 Rfc8 $132
) 20... Be5 21. Qh4+ Kg7 22. Nd5 (22. Nxc6 bxc6 23. Qxh8+ (23. Rd2 f6 $15)
23... Rxh8 24. g3 Bxb2 $10) 22... Qxh4 23. Bxh4 Bxb2 24. Rab1 Be5 25. Rxb7 Rab8
26. Rdb1 Rxb7 27. Rxb7 Rc8 (27... Nd4 28. Bd3 Rc8 29. Bg5 a5 $14) 28. Bg3 Bxg3
29. hxg3 Nd4 30. Bd3 a5 31. a4 Rc1+ 32. Kh2 Rd1 33. Nf4 Bb3 34. Bb5 Rd2 35. Rd7
g5 36. Ne2 Rxe2 37. Bxe2 (37. Rxd4 Rxf2 $10) 37... Nxe2 38. Ra7 Bxa4 39. Rxa5
Bd7 $10 40. Rxg5+ Kf6 41. Rc5 Ke7 42. f4 f6 43. Rc2 Bb5 44. Rb2 Bd3 45. Rb3 Bc4
46. Rb7+ Kf8 47. Ra7 Bd3 48. Ra3 Bc4 49. Ra5 Bd3 50. e5 f5 1/2-1/2

[Event "Olympiad-32"]
[Site "Yerevan"]
[Date "1996.09.26"]
[Round "10.1"]
[White "Ivanchuk, Vassily"]
[Black "Shirov, Alexei"]
[Result "1-0"]
[WhiteElo "2730"]
[BlackElo "2685"]
[Annotator "Ftacnik,L"]
[PlyCount "75"]
[EventDate "1996.09.15"]
[EventType "team-swiss"]
[EventRounds "14"]
[EventCountry "ARM"]
[SourceTitle "CBM 055"]
[Source "ChessBase"]
[SourceDate "1996.12.01"]
[SourceVersion "1"]
[SourceVersionDate "1996.12.01"]
[SourceQuality "1"]
[WhiteTeam "Ukraine"]
[BlackTeam "Spain"]
[WhiteTeamCountry "UKR"]
[BlackTeamCountry "ESP"]

1. e4 g6 2. d4 Bg7 3. c4 d6 4. Nc3 Nf6 5. Nf3 O-O 6. Be2 e5 7. O-O exd4 8. Nxd4
Re8 9. f3 Nc6 10. Be3 Nh5 11. Qd2 (11. Rc1 f5 12. c5 Nxd4 13. Bxd4 dxc5 14.
Bxc5 Nf4 15. Bc4+ Be6 16. Nd5 Nxd5 17. exd5 Bf7 18. Qb3 b6 19. Bf2 Qd6 $10 {
Zlochevskij,A-Morozevic,A/Alushta/1993/0:1/59}) (11. f4) 11... Nf4 (11... Nxd4
12. Bxd4 Nf4 (12... Bxd4+ 13. Qxd4 Nf4 14. Rf2 a5 15. Nd5 Nxd5 16. cxd5 c5 17.
dxc6 bxc6 18. Rd1 Be6 19. Qxd6 Qb6 {1/2-1/2 Sokolov,I-Piket,J/Groningen (10)/
1995}) 13. Bxg7 (13. Kh1 $1 Be5 (13... Nxe2 14. Bxg7 Kxg7 15. Nxe2 Be6 16. Nc3
$14) 14. Rad1 Ne6 $6 (14... Nxe2 15. Bxe5 Rxe5 16. Qxe2 $14) (14... Be6 15. Be3
Nxe2 16. Qxe2 Qh4 $132) 15. Be3 $1 Bg7 16. f4 f5 17. exf5 gxf5 18. Bh5 Rf8 19.
Bf3 $16 {1-0 Krivoshey,S-Golubev,M/Nikolaev zt (04)/1995/ (35)}) 13... Nxe2+ (
13... Qg5 14. Kf2 Kxg7 15. Qd4+ Kg8 16. g3 Nxe2 17. Nxe2 Qe5 18. Qxe5 (18. Rad1
Be6 19. b3 a6 20. Nc3 Qxd4+ 21. Rxd4 Kg7 22. Nd5 Rac8 {1/2-1/2 Bialy,
R-Doettling,F/Hallsdall op (04) 1996 (42)}) 18... dxe5 19. Nc3 c6 20. Rad1 Be6
21. b3 Rad8 22. Ke2 Kf8 23. Rxd8 Rxd8 24. Rd1 Rxd1 {1/2-1/2 Trettin,
U-Kassebaum,R/BL 9495/1995/}) 14. Nxe2 Kxg7 15. Rfe1 Be6 16. Rac1 f6 17. Nf4
Bf7 18. Qd4 c6 19. Red1 Qa5 20. a3 Rad8 21. Rc3 Qe5 22. Ne2 {Giehring,S-Gergs,
W/RLNN 9091/1991/1-0 (74)}) (11... f5) 12. Rfd1 (12. Nxc6 Nxe2+ 13. Nxe2 (13.
Qxe2 bxc6 14. c5 $5 $14) 13... bxc6 14. Bd4 c5 (14... Bxd4+ 15. Nxd4 c5 (15...
Bd7 $6 16. b4 $14) 16. Nc2 Bb7 (16... Be6 17. Ne3 Qf6 18. Rac1 Qe5 19. Qc3 Qxc3
20. Rxc3 a5 21. Rd1 Reb8 22. Rd2 Rb4 23. Kf2 Rab8 24. Rcc2 {Weiss,C-Baumegger,
S/AUT-chT 95/96 (01) 1995/1996/1/2-1/2 (71)}) 17. Ne3 h5 18. Rad1 (18. a3 a5
19. b4 axb4 20. axb4 Qg5 21. Rxa8 Rxa8 22. Re1 Ra3 23. bxc5 Qxc5 {1/2-1/2 Li
Wenliang-Peng Xiaomin/Beijing Tan Chin Cup (06) 1996 (27)}) 18... a5 (18... Bc6
19. Qa5 $14) 19. h3 Bc6 20. g4 hxg4 21. hxg4 Qf6 {1/2-1/2 Sakaev,K-Belov,I/
Cappelle op (06)/1995 (26)}) (14... f6 $5) 15. Bxg7 Kxg7 16. Nc3 Bb7 17. Rfe1
Qf6 18. Rad1 Re7 19. Re3 Rb8 20. b3 Bc6 21. Ne2 Rb4 22. Rd3 a5 {Brglez,R-Bukic,
E/Ljubljana op/1994/0-1 (58)}) (12. Bxf4 Nxd4 13. Bg5 Nxe2+ 14. Nxe2 f6 15. Bh4
Be6 16. Rac1 Qd7 17. b3 f5 18. exf5 Bxf5 19. Nc3 Qf7 20. Rfe1 {Nowak,I-Pedzich,
D/POL-chT Lubniewice (05)/1994/1-0 (53)}) (12. Bd1 Nxd4 13. Bxd4 Qg5 14. Be3
Bd4 15. Re1 Bxe3+ 16. Rxe3 Nxg2 17. Re2 Nf4+ 18. Kh1 Be6 19. b3 Qe5 {0-1 Oliwa,
M-Pedzich,D/POL-ch Brzeg Dolny (15) 1996 (25)}) 12... Nxe2+ (12... Nxd4 13.
Bxd4 Qg5 (13... Nxe2+ 14. Nxe2 Be6 15. Rac1 a5 16. b3 b6 17. a3 Bd7 18. Nc3 Bc6
19. Rc2 Bb7 20. Rdc1 Be5 21. Bxe5 Rxe5 22. Qf2 {1-0 Loseries,U-Kistella,R/BL
9596/1995 (31)}) 14. Bf1 Bxd4+ 15. Qxd4 Be6 16. Nd5 Bxd5 17. cxd5 f5 18. Rac1
Re7 19. Kh1 fxe4 20. fxe4 Qg4 21. Re1 Nh5 {Lindner,D-Schmaltz,R/St.Ingbert op 
(02)/1995/1/2-1/2 (52)}) 13. Ncxe2 Ne5 (13... Nxd4 $5 14. Bxd4 $14) 14. b3 c6 (
14... Bd7 15. Rac1 $14) 15. Rac1 Qc7 16. Nc3 b6 (16... Be6 17. Nxe6 Rxe6 18.
Nd5 Qd7 19. Nf4 Rf6 20. b4 $14) (16... Bd7 17. Nde2 Bf8 18. Bg5 $16) 17. Nde2
Bf8 18. Bg5 $5 Nd7 (18... Bb7 19. f4 Ng4 (19... Nd7 20. e5 $16) 20. h3 Nh6 21.
f5 $18) 19. Bh6 Bxh6 20. Qxh6 Bb7 (20... Rd8 21. Rd2 (21. Qd2 Nf6 22. e5 Ne8
23. Ne4 d5 24. cxd5 Qxe5 $14) 21... Bb7 22. Rcd1 Ne5 23. Qg5 $16) 21. Qd2 Re6
22. Nd4 (22. Nd5 $5 Qd8 23. Ndf4 Rf6 24. b4 $16) 22... Ree8 23. Nde2 Re6 24.
Nf4 Rf6 25. e5 $1 Nxe5 (25... dxe5 $2 26. Qxd7 Qxd7 27. Rxd7 $18) 26. Ne4 Rf5
27. Qe3 (27. Nxd6 $2 Rd8 28. Ne2 Rxf3 $17) 27... Nd7 (27... Nxf3+ $2 28. Qxf3
d5 29. cxd5 Qxf4 30. Qxf4 Rxf4 31. Nd6 $18) (27... Rd8 28. g4 Rxf4 (28... d5
29. gxf5 dxe4 30. fxe4 $16) 29. Qxf4 $16) 28. Rxd6 Re8 29. Rcd1 Bc8 (29... Nc5
$2 30. Nf6+ $18) 30. Ne2 $1 Rfe5 (30... Kg7 31. Qc3+ (31. Rxd7 Bxd7 32. Qd4+
$16) 31... f6 32. Nd4 $18) 31. Qh6 Rxe4 (31... Kh8 32. Rxd7 Bxd7 33. Nf6 Rh5
34. Nxh5 gxh5 35. Ng3 $18) 32. fxe4 b5 (32... Rxe4 33. Nc3 Re8 34. Qf4 $16) 33.
cxb5 cxb5 34. Qc1 $1 Qd8 (34... Qb7 35. Qc6 $18) 35. Qc6 Qg5 (35... Qb6+ 36.
Qxb6 Nxb6 37. Rd8 $18) (35... Re7 36. Rc1 $18) 36. Ng3 (36. Rxd7 Qe3+ 37. Kf1
Bxd7 38. Rxd7 $18) 36... h5 (36... Qe3+ 37. Kh1 $18) 37. Rxd7 Bxd7 38. Qxd7 1-0

[Event "Koop Tjuchem"]
[Site "Groningen"]
[Date "1996.??.??"]
[Round "6"]
[White "Van Wely, Loek"]
[Black "Svidler, Peter"]
[Result "1/2-1/2"]
[WhiteElo "2605"]
[BlackElo "2650"]
[Annotator "Huzman,A"]
[PlyCount "72"]
[EventDate "1996.12.20"]
[EventType "tourn"]
[EventRounds "11"]
[EventCountry "NED"]
[EventCategory "16"]
[SourceTitle "CBM 057"]
[Source "ChessBase"]
[SourceDate "1997.04.01"]
[SourceVersion "1"]
[SourceVersionDate "1997.04.01"]
[SourceQuality "1"]

1. c4 g6 2. Nc3 Bg7 3. d4 Nf6 4. e4 d6 5. Nf3 O-O 6. Be2 e5 7. O-O Nbd7 8. Qc2
Nh5 9. Rd1 ({The move 9.Bg5 complicates the realisation of the black`s plan.} 
9. Bg5 f6 10. Be3 Nf4 11. Rad1 (11. Bxf4 exf4 12. Rad1 c6 (12... Kh8) 13. c5 $5
dxc5 14. d5 Kh8 (14... cxd5 15. Nxd5 g5 16. Rd2 $36) 15. dxc6 bxc6 16. Rd6 (16.
Na4 $44 {>=}) 16... Qc7 17. Rfd1 Nb6 18. Na4 Re8 $1 19. Nxc5 Nd5 $17 {0-1
Zueger,B-Vogt,L/Altensteig 1993 (37)}) 11... Nxe2+ 12. Qxe2 Rf7 (12... b6 13.
dxe5 Nxe5 14. Nd4 a6 15. h3 c5 16. Nf3 $14 {1-0 Hansen,C-Knaak,R/Hamburg SKA
1991 (40)}) 13. dxe5 dxe5 14. c5 c6 15. Nd2 b6 $11 {0-1 Fecht,H-Knaak,R/BL
1992 (32)}) 9... Nf4 10. Bf1 (10. Bxf4 exf4 11. Nd5 (11. c5 dxc5 12. dxc5 c6)
11... g5) 10... c5 11. d5 {Another plan for the white is to exchange pawns d
11.de de and to try to use the square d5.As practice shows owning of the
square d4 by the black makes the chances of the sides equal.} Nf6 ({The white
succeed in overgrouping pieces successfully after} 11... h6 12. g3 Nh5 13. Be2
Ndf6 14. Ne1 Nh7 15. Ng2 N5f6 16. Rb1 a5 17. a3 a4 18. f3 Bd7 19. b3 axb3 20.
Rxb3 Bc8 21. Be3 Ne8 22. Qd2 $14 {Lentao,R-Martin del Campo,1993}) 12. Bxf4
$146 (12. Rb1 Bg4) (12. Ne1 Ne8 13. Rb1 f5 14. b4 b6 15. f3 fxe4 16. Nxe4 Nf6
17. bxc5 Nxe4 18. fxe4 bxc5 $11 {1/2-1/2 Hertneck,G-Vogt,L/EUCup Bayern
Muenchen-Porz 1991 (36)}) (12. Re1 h5 13. g3 Nh3+ 14. Kh1 Nh7 15. Bg2 g5 16.
Ng1 Nxg1 17. Kxg1 a6 18. Rb1 g4 19. b4 $14 {1-0 Hertneck-Knaak/München Rapid,
SW 1991 (36)}) 12... exf4 13. e5 dxe5 14. Nxe5 Qd6 15. Nf3 (15. Re1 Nxd5 16.
Nxf7 $2 Nb4 17. Nxd6 Nxc2 $19) 15... Bf5 (15... Bg4 16. Be2 Rfe8) 16. Bd3 Bg4
17. Be4 Nd7 {/\18...f5,18...Ne5} (17... Rfe8 18. Re1 Nxe4 19. Nxe4 Qb6 {
/\20...Bf5,20...Bf3}) 18. Nb5 Qb6 19. d6 a6 20. Nc7 (20. Nc3 Ne5 21. Na4 Qa5 (
21... Qb4 22. a3 (22. Nxe5 Bxd1 23. Rxd1 Bxe5 24. a3 Qa5 25. Bxb7 Rad8 $17)
22... Qxc4 23. Qxc4 Nxc4 24. Nxc5 Bxb2 25. Rab1 Bxa3 26. Nxb7 Rae8 27. Bc6 Rc8
28. Be4 Rfe8 $17) 22. Rd5) 20... Rad8 21. Nd5 (21. Qb3 Bxb2 22. Rab1 Qxb3 23.
axb3 Bd4 $15) 21... Qxd6 22. Ne3 Qb6 $1 (22... Qe6 23. Nxg4 (23. Bd5 Bf5 24.
Qb3 Qf6 25. Nxf5 Qxf5 26. Qxb7 Rb8 27. Qxa6 Rxb2 28. Rac1 Ne5 $11) 23... Qxg4
24. Bxb7 Rb8 25. h3 Qe6 26. Bd5 Qf6 27. b3 $14) 23. Nxg4 h5 24. Nh6+ (24. Rxd7
$2 Rxd7 25. Nge5 Re7 $17) 24... Bxh6 25. Qb3 $1 Qxb3 (25... Bg7 26. Bxb7 Bxb2
27. Rab1 Qxb3 28. axb3 $11) 26. axb3 Nf6 (26... b6 27. Rxa6 $14) 27. Rxd8 Rxd8
28. Bxb7 Rb8 29. Rxa6 (29. Bxa6 Rxb3 30. Ra2 Ne4 $15) 29... Rxb7 30. Rxf6 Rxb3
31. Rc6 Rxb2 32. Kf1 Bf8 33. Ne5 Rd2 (33... Rc2 34. Rc8 Kg7 35. Nd7 Bd6 36.
Nxc5 f3 37. gxf3 Bxh2 $15 {\-/+}) 34. Rc7 Rd4 (34... Bd6 $6 35. Rd7) 35. Nxf7
Rxc4 36. Ng5 $44 Rd4 1/2-1/2

[Event "Ter Apel"]
[Site "Ter Apel"]
[Date "1997.03.17"]
[Round "1"]
[White "Van Wely, Loek"]
[Black "Shirov, Alexei"]
[Result "0-1"]
[WhiteElo "2645"]
[BlackElo "2690"]
[Annotator "Huzman,A"]
[PlyCount "84"]
[EventDate "1997.03.17"]
[EventType "tourn"]
[EventRounds "5"]
[EventCountry "NED"]
[EventCategory "16"]
[SourceTitle "CBM 058"]
[Source "ChessBase"]
[SourceDate "1997.06.01"]
[SourceVersion "1"]
[SourceVersionDate "1997.06.01"]
[SourceQuality "1"]

1. c4 {Petursson} Nf6 2. Nc3 g6 3. e4 d6 4. d4 Bg7 5. Nf3 O-O 6. Be2 e5 7. O-O
Na6 8. Be3 Ng4 9. Bg5 Qe8 10. dxe5 dxe5 11. h3 h6 12. Bd2 Nf6 13. Be3 Qe7 14.
a3 Nh5 (14... c6 15. b4 (15. Qc1 Nc5 16. Bxc5 Qxc5 17. b4 Qe7 18. Nd2 {/\ c5,
Nc4}) 15... Nh5 16. Re1 $5 $146 (16. c5 Rd8 17. Qc1 Nf4 18. Bxf4 exf4 19. e5 $1
g5 (19... Bxe5 20. Re1 $5) 20. Bxa6 (20. Re1 $5 h5 21. Ne4 g4 22. Qxf4 gxf3 23.
Nf6+ $40) 20... bxa6 21. Ne4 $1 Bxe5 (21... Rd3 22. Nd6 Bxh3 23. Ne1 $1 $16)
22. Re1 (22. Nxe5 {N} Qxe5 23. Nd6 $44 {1/2-1/2 Mikhalchishin,A-Ryskin,A/
Ljubljana 1994 (41)}) 22... Bg7 23. Ra2 Be6 24. Rae2 $44 {Hjartarson,
J-Apicella,M/ISD-FRA/1993/1-0 (42)}) (16. Qc1 $5 Nf4 17. Rd1 {/\ Bf1}) 16...
Nf4 17. Bf1 Rd8 18. Qc2 Ne6 19. Rad1 Nd4 20. Bxd4 exd4 21. Na4 b6 $6 (21... c5
$5 22. Qb2 b6 $15) 22. c5 $1 $14 {0-1 Lyrberg,P-Ryskin,A/Minsk 1994 (44)}) 15.
Qc2 (15. b4) 15... c6 16. Rfe1 (16. b4 Nf4) 16... Nc5 (16... Nf4 17. Bf1 Qf6
18. Nd2 Ne6 19. Rad1 Re8 20. b4 Nd4 21. Qc1 b6 $15 {0-1 Schmidt,W-Ryskin,A/
Katowice op 1993 (44)}) 17. Rad1 Ne6 18. g3 (18. b4) 18... Bd7 19. c5 (19. Qd2
Rfd8 20. Bxh6 Nef4 21. Bxg7 Nxh3+ 22. Kg2 Kxg7 23. Qd6 (23. Rh1 N3f4+ 24. gxf4
Bh3+ 25. Kxh3 Rxd2 26. Rxd2 Rh8 27. Kh2 Nxf4+ 28. Kg1 Qe6 29. Rxh8 Kxh8) 23...
N3f4+ 24. Kg1 (24. Kh2 Qxd6 25. Rxd6 Nxe2 26. Rxe2 (26. Nxe2 Be6 $15) 26... Bg4
27. Rxd8 Rxd8 28. Rd2 $11) 24... Nxe2+ 25. Rxe2 Qxd6 26. Rxd6 Bg4) 19... Rad8
20. b4 Bc8 {[%cal Ge6d4]} 21. Bf1 Rxd1 (21... Nd4 $2 22. Bxd4 exd4 23. Ne2 d3
24. Rxd3 Qxe4 $2 25. Ned4 Qd5 26. Qd2 $1 Rde8 27. Rxe8 Rxe8 28. Nb5 $18) 22.
Rxd1 Rd8 23. Nb1 (23. Rxd8+ Qxd8 (23... Nxd8) 24. Qd2 Qf6 (24... Nd4 25. Nxd4
exd4 26. Ne2 Qe7 27. Bxd4 Qxe4 28. Bg2 $14) (24... Qxd2 25. Nxd2 f5 26. Nc4 f4
27. Nd6 Bd7 28. g4 Nf6 29. Bc1 $14) 25. Nh2 $14) 23... Nd4 24. Bxd4 exd4 25.
Nbd2 (25. Kh2 $142) 25... d3 $1 26. Bxd3 (26. Qb1 Nf6) 26... Bxh3 $15 27. e5 $2
(27. Nc4 $142) 27... Qd7 28. Ne4 Nf4 29. Nd6 {The only chance} (29. gxf4 {
Petursson} Qg4+ 30. Ng3 Qxf3 31. Be4 Qxd1+ $19) 29... Bg2 $1 (29... Bg4 $5 30.
Be4 Nh3+ 31. Kg2 Ng5 $17 (31... Ng5 {Petursson} 32. Rh1 Nxf3 (32... Nxe4 33.
Qxe4 Be6 $17) 33. Bxf3 Bxf3+ 34. Kxf3 Bxe5 35. Rd1 Qh3 $19)) 30. Be4 (30. e6 {
Petursson} Qxe6 31. Bc4 Qh3 32. Nh2 Bf3 33. Bf1 Ne2+ 34. Qxe2 Bxe2 35. Bxh3
Bxd1 $19) (30. Nh2 $1 {Petursson} Nxd3 31. Qxd3 Bd5 32. f4 $15) 30... Qg4 $1
$19 (30... Qh3 {Petursson} 31. Nh2 Bxe4 32. Qxe4 Qh5 33. Qf3 $13) 31. Rd4 $2 {
This drops the exchange} (31. Nxb7 Rxd1+ 32. Qxd1 Qh3 33. Nh2 Bxe4 $19) (31.
Ng5 $1 hxg5 (31... Bxe4 32. Ngxe4 Bxe5 33. f3 Qxf3 34. gxf4) (31... Nh3+ 32.
Kxg2 Nxg5 33. Re1) 32. Bxg2 Nxg2 33. Kxg2 Bxe5 $17) (31. Ng5 $1 $17 {Petursson}
) 31... Bxf3 32. Bxf3 Nh3+ 33. Kg2 Qxd4 $19 34. Kxh3 Bxe5 35. Nc4 Bc7 36. Kg2
Qd3 37. Qc1 h5 38. Ne3 Be5 39. Nc4 Qc3 40. Qxc3 Bxc3 41. Nd6 Rd7 42. b5 Kf8 0-1